000 00605nam a2200205Ia 4500
005 20250508165831.0
008 008 250505s9999 xx 000 0 eng d
020 _a0-7501-0594-9
037 _aTextual
040 _aFEDL
_beng
_cFEDL
041 _aeng
_2eng
084 _a891.449, SEN
_qFEDL
100 _aSen Nivedita
245 0 _aFamily, school and nation: The child and literary constructions in 20th- century Bengal
260 _aNew Delhi, India
_bRoutledge
_c2016
300 _axx, 221p.
365 _aINR
_b895
942 _cTEXL
_h891.449, SEN
999 _c1397728
_d1397728